Etika Nikomachova /

Salvato in:
Dettagli Bibliografici
Autore principale: Aristoteles (Autore)
Natura: Libro
Lingua:slovacco
Pubblicazione: Bratislava Kalligram 2011
Soggetti:
Tags: Aggiungi Tag
Nessun Tag, puoi essere il primo ad aggiungerne!!

MARC

LEADER 00000nam a22000003a 4500
001 0083487
003 SK-STU
005 20200925123048.0
007 ta
008 200925s ----xo-----e------000-0-----d
020 |a 978-80-8101-417-8 
040 |a STU  |b slo 
041 0 |a slo 
044 |a xo 
100 1 |a Aristoteles  |4 aut 
245 1 0 |a Etika Nikomachova /  |c aut. Aristoteles 
260 |a Bratislava  |b Kalligram  |c 2011 
300 |a 296 s. 
650 0 7 |a etika 
996 |b 284M088415  |c M* 14345-1  |l MMST  |s A  |a 24  |w 0083487_0001